000 00794nam a22002177a 4500
999 _c7462
_d7462
003 BD-JhCC
005 20180210165443.0
008 180210s1996 |||| |||| 00| 0 d
020 _a9841103969
035 _a(BD-JhCC)
040 _aBD-JhCC
_dBD-JhCC
041 _aben
082 _a923
_bRAH 1996
100 _aরাহমান, মোহাম্মদ সাইদুর
245 _aবঙ্গবন্ধুর বাল্য-কৈশোর ও অন্যান্য প্রসঙ্গ /
_cমোহাম্মদ সাইদুর রাহমান
260 _aঢাকা :
_bআহমদ পাবলিশিং হাউস,
_c১৯৯৬.
300 _a৮০ পৃ. :
_c২২ সেমি.
650 _aBiography
942 _2ddc
_cBK